The Nation-state : the formation of modern politics /

Bibliographic Details
Other Authors: Tivey, Leonard James, 1926-
Format: Book
Language:English
Published: New York, N.Y. : St. Martin's Press, 1981.
Subjects:

MARC

Tag First Indicator Second Indicator Subfields
LEADER 00000cam a22000008a 4500
001 in00000652178
005 20151015072237.0
008 801030s1981 nyu b 00100 engm
010 |a  80026635  
020 |a 0312559410 :  |c $27.00 
035 |a (OCoLC)06982462 
035 |9 ACW9771AM 
040 |a DLC  |c DLC  |d m.c.  |d TXA  |d UtOrBLW 
049 |a TXAM  |c [1386485] 
050 0 0 |a JC311  |b .N289 1981 
082 0 |a 321/.05  |2 19 
245 0 4 |a The Nation-state :  |b the formation of modern politics /  |c edited by Leonard Tivey. 
263 |a 8104 
264 1 |a New York, N.Y. :  |b St. Martin's Press,  |c 1981. 
300 |a x, 214 pages ;  |c 23 cm. 
336 |a text  |b txt  |2 rdacontent 
337 |a unmediated  |b n  |2 rdamedia 
338 |a volume  |b nc  |2 rdacarrier 
504 |a Includes bibliographical references and index. 
650 0 |a Nation-state. 
650 0 |a Nationalism. 
700 1 |a Tivey, Leonard James,  |d 1926- 
999 |a MARS 
999 f f |s 62320ccc-49e4-34b1-9ad9-8c3ded5a4c7f  |i 444eff86-9bc4-38f5-a1c5-0c7cc23d6852  |t 0 
952 f f |p normal  |a Texas A&M University  |b College Station  |c Sterling C. Evans Library  |d Evans: Library Stacks  |t 0  |e JC311 .N289 1981  |h Library of Congress classification  |i unmediated -- volume  |m A14803074330 
998 f f |a JC311 .N289 1981  |t 0  |l Evans: Library Stacks